[Event "Oberliga Ost-B 1617"]
[Site "Germany"]
[Date "2016.10.16"]
[Round "1.8"]
[White "Hankel, Dennis"]
[Black "Goebel, Andreas"]
[Result "1-0"]
[WhiteElo "2128"]
[BlackElo "1980"]
[PlyCount "67"]
[EventDate "2016.10.16"]
[EventType "team-tourn"]
[EventRounds "11"]
[EventCountry "GER"]
[SourceTitle "EXT 2018"]
[Source "ChessBase"]
[SourceDate "2017.10.13"]
[SourceVersion "1"]
[SourceVersionDate "2017.10.13"]
[SourceQuality "1"]
[WhiteTeam "Neuberg"]
[BlackTeam "Frankfurt BvK"]
[WhiteTeamCountry "GER"]
[BlackTeamCountry "GER"]

1. e4 c6 2. d4 d5 3. Nc3 dxe4 4. Nxe4 Bf5 5. Ng3 Bg6 6. h4 h6 7. Nf3 Nd7 8. h5 Bh7 9. Bd3 Bxd3 10. Qxd3 e6 11. Bd2 Ngf6 12. 0-0-0 Qc7 13. Ne4 0-0-0 14. g3 Nxe4 15. Qxe4 Nf6 16. Qe2 Bd6 17. c4 Rhe8 18. c5 Bf8 19. Bf4 Qa5 20. Kb1 Nd5 21. Ne5 Nxf4 22. gxf4 Qc7 23. Rh3 Rd5 24. Ra3 Kb8 25. Rdd3 Red8 26. Qd1 f6 27. Ng6 a6 28. Qe2 Qd7 29. Nxf8 Rxf8 30. Ra4 Rd8 31. a3 e5 32. fxe5 fxe5 33. Rb3 exd4 34. Qxa6 1-0

[Event "Frankfurt-chA"]
[Site "Frankfurt"]
[Date "2016.05.23"]
[Round "4"]
[White "Stricker, Konstantin"]
[Black "Goebel, Andreas"]
[Result "1/2-1/2"]
[WhiteElo "1690"]
[BlackElo "1864"]
[PlyCount "53"]
[EventDate "2016.04.25"]
[EventType "swiss"]
[EventRounds "9"]
[EventCountry "GER"]
[SourceTitle "EXT 2018"]
[Source "ChessBase"]
[SourceDate "2017.10.13"]
[SourceVersion "1"]
[SourceVersionDate "2017.10.13"]
[SourceQuality "1"]

1. e4 c6 2. d4 d5 3. Nc3 dxe4 4. Nxe4 Bf5 5. Ng3 Bg6 6. Nf3 Nd7 7. Bd3 Bxd3 8. Qxd3 e6 9. 0-0 Ngf6 10. c3 Bd6 11. Ne4 Nxe4 12. Qxe4 Nf6 13. Qe2 Qc7 14. h3 h6 15. Re1 0-0-0 16. b4 g5 17. Ne5 Bxe5 18. Qxe5 Qxe5 19. Rxe5 Nd5 20. Bd2 Nb6 21. Re2 Rd5 22. Rae1 Nc4 23. Bc1 a6 24. f4 Rg8 25. fxg5 hxg5 26. Re4 Rf5 27. Rf1 1/2-1/2

[Event "Frankfurt-chA"]
[Site "Frankfurt"]
[Date "2016.05.02"]
[Round "2"]
[White "Bratmann, Marc"]
[Black "Goebel, Andreas"]
[Result "0-1"]
[WhiteElo "1601"]
[BlackElo "1864"]
[PlyCount "74"]
[EventDate "2016.04.25"]
[EventType "swiss"]
[EventRounds "9"]
[EventCountry "GER"]
[SourceTitle "EXT 2018"]
[Source "ChessBase"]
[SourceDate "2017.10.13"]
[SourceVersion "1"]
[SourceVersionDate "2017.10.13"]
[SourceQuality "1"]

1. e4 c5 2. c3 e6 3. d4 Nf6 4. e5 Nd5 5. c4 Nb6 6. d5 d6 7. exd6 Bxd6 8. Nf3 exd5 9. cxd5 0-0 10. Be2 Re8 11. Be3 Bg4 12. 0-0 Nxd5 13. Bg5 Nf6 14. Nc3 Nc6 15. Rc1 Be7 16. Qa4 Be6 17. Rfd1 Qb6 18. b3 Red8 19. Ne4 Qb4 20. Qxb4 Nxb4 21. Rxd8+ Rxd8 22. Nxc5 Nxa2 23. Rc2 Bxc5 24. Rxc5 Bxb3 25. Rc7 Bd5 26. Nd4 h6 27. Bxf6 gxf6 28. Nf5 Be6 29. Nxh6+ Kg7 30. Ng4 Rd7 31. Rc5 b6 32. Rc2 Nb4 33. Rc3 Nd5 34. Rg3 Kf8 35. h4 Nf4 36. Bf3 Nh5 37. Rh3 Rd4 0-1

[Event "Rhein Main op-A 18th"]
[Site "Bad Homburg"]
[Date "2015.06.05"]
[Round "4"]
[White "Karaissaridis, Christos"]
[Black "Goebel, Andreas"]
[Result "1-0"]
[WhiteElo "1892"]
[BlackElo "2005"]
[PlyCount "123"]
[EventDate "2015.06.03"]
[EventType "swiss"]
[EventRounds "7"]
[EventCountry "GER"]
[SourceTitle "CBM 167 Extra"]
[Source "ChessBase"]
[SourceDate "2015.09.14"]
[SourceVersion "1"]
[SourceVersionDate "2015.09.14"]
[SourceQuality "1"]

1. d4 Nf6 2. Bf4 d5 3. Nf3 Bg4 4. e3 c6 5. Bd3 e6 6. c4 Bd6 7. Bg3 Bxg3 8. hxg3 Nbd7 9. Qc2 dxc4 10. Qxc4 Qa5+ 11. b4 Qd5 12. Nbd2 Qxc4 13. Nxc4 Ke7 14. 0-0 Nd5 15. a3 N5b6 16. Ncd2 a6 17. e4 Bh5 18. a4 Bg6 19. a5 Nc8 20. Rfe1 Nd6 21. Nc4 Rhd8 22. Nxd6 Kxd6 23. Bc4 Rac8 24. Rac1 Rc7 25. g4 Rdc8 26. Nh4 Nf8 27. f4 f6 28. Nxg6 hxg6 29. Rc3 Re7 30. Rh3 Rce8 31. Be2 Kc7 32. Rd3 Rd8 33. Red1 Red7 34. Kf2 g5 35. fxg5 fxg5 36. Ke3 Ng6 37. Rc3 Nf4 38. Bf3 e5 39. d5 Rd6 40. g3 Ng6 41. Rh1 Ne7 42. Rh7 Rg6 43. Be2 Kd6 44. Rd3 cxd5 45. exd5 Nxd5+ 46. Ke4 Kc6 47. Bf3 Re6 48. Rxg7 Rdd6 49. Kf5 Rf6+ 50. Kxe5 Rde6+ 51. Kd4 Rxf3 52. Rxf3 Nxb4 53. Rc3+ Kd6 54. Rxb7 Nc6+ 55. Rxc6+ Kxc6 56. Rb6+ Kd7 57. Rxe6 Kxe6 58. Kc5 Kd7 59. Kb6 Kd6 60. Kxa6 Kc6 61. Ka7 Kc7 62. a6 1-0

[Event "Rhein Main op-A 18th"]
[Site "Bad Homburg"]
[Date "2015.06.03"]
[Round "1"]
[White "Goebel, Andreas"]
[Black "Haag, Martin"]
[Result "1/2-1/2"]
[WhiteElo "2005"]
[BlackElo "2324"]
[PlyCount "33"]
[EventDate "2015.06.03"]
[EventType "swiss"]
[EventRounds "7"]
[EventCountry "GER"]
[SourceTitle "CBM 167 Extra"]
[Source "ChessBase"]
[SourceDate "2015.09.14"]
[SourceVersion "1"]
[SourceVersionDate "2015.09.14"]
[SourceQuality "1"]

1. Nf3 c5 2. g3 d5 3. Bg2 Nc6 4. d4 Nf6 5. 0-0 e6 6. c4 Be7 7. cxd5 exd5 8. Nc3 0-0 9. Bg5 c4 10. b3 cxb3 11. Qxb3 Na5 12. Qc2 Be6 13. Ne5 Rc8 14. Qb2 h6 15. Bd2 Bd6 16. Rfd1 Bb8 17. Be1 1/2-1/2

[Event "Frankfurt-chA"]
[Site "Frankfurt"]
[Date "2013.06.17"]
[Round "7"]
[White "Goebel, Andreas"]
[Black "Fischer, Ulrich"]
[Result "1/2-1/2"]
[WhiteElo "2021"]
[BlackElo "1776"]
[PlyCount "40"]
[EventDate "2013.04.29"]
[EventType "swiss"]
[EventRounds "7"]
[EventCountry "GER"]
[SourceTitle "EXT 2014"]
[Source "ChessBase"]
[SourceDate "2013.11.20"]
[SourceVersion "1"]
[SourceVersionDate "2013.11.20"]
[SourceQuality "1"]

1. d4 d5 2. f4 Nf6 3. Nf3 Bf5 4. e3 e6 5. Be2 Be7 6. 0-0 Nbd7 7. Ne5 0-0 8. Nd2 Nxe5 9. fxe5 Ne4 10. Bf3 Nxd2 11. Bxd2 f6 12. exf6 Bxf6 13. Bb4 Be7 14. Bxe7 Qxe7 15. Qe2 Qd6 16. c4 c6 17. Rad1 Rad8 18. c5 Qe7 19. Bg4 Bxg4 20. Qxg4 e5 1/2-1/2

[Event "Rhein Main op-A 16th"]
[Site "Bad Homburg"]
[Date "2013.05.30"]
[Round "2"]
[White "Goebel, Andreas"]
[Black "Chandler, Patrick"]
[Result "0-1"]
[WhiteElo "2021"]
[BlackElo "2200"]
[PlyCount "72"]
[EventDate "2013.05.29"]
[EventType "swiss"]
[EventRounds "7"]
[EventCountry "GER"]
[SourceTitle "EXT 2014"]
[Source "ChessBase"]
[SourceDate "2013.11.20"]
[SourceVersion "1"]
[SourceVersionDate "2013.11.20"]
[SourceQuality "1"]

1. Nf3 Nf6 2. g3 d5 3. Bg2 c6 4. d4 Bf5 5. b3 e6 6. Bb2 Nbd7 7. 0-0 h6 8. Nbd2 Be7 9. c4 0-0 10. Re1 Bh7 11. Ne5 Bb4 12. Nxd7 Qxd7 13. a3 Bxd2 14. Qxd2 Rfd8 15. Rad1 b5 16. cxd5 cxd5 17. Rc1 a5 18. Rc5 Ne8 19. Rec1 Nd6 20. e3 Be4 21. f3 Bg6 22. Bf1 Rdb8 23. Bc3 a4 24. bxa4 Nc4 25. Bxc4 bxc4 26. a5 Rb3 27. Bb4 Rd3 28. Qe2 Qa4 29. Kf2 Qb3 30. h4 h5 31. Rc7 Kh7 32. Rc6 Qa4 33. Rc5 Re8 34. e4 Rxd4 35. Qc2 Qd7 36. Bc3 dxe4 0-1

[Event "Frankfurt-chA"]
[Site "Frankfurt"]
[Date "2013.05.27"]
[Round "4"]
[White "Goebel, Andreas"]
[Black "Telljohann, Sven"]
[Result "0-1"]
[WhiteElo "2021"]
[BlackElo "2407"]
[PlyCount "64"]
[EventDate "2013.04.29"]
[EventType "swiss"]
[EventRounds "7"]
[EventCountry "GER"]
[SourceTitle "EXT 2014"]
[Source "ChessBase"]
[SourceDate "2013.11.20"]
[SourceVersion "1"]
[SourceVersionDate "2013.11.20"]
[SourceQuality "1"]

1. c4 e5 2. Nc3 Nc6 3. g3 Nf6 4. Bg2 Bc5 5. e3 0-0 6. Nge2 Re8 7. 0-0 a6 8. a3 d6 9. b4 Ba7 10. d4 h6 11. Bb2 exd4 12. Nxd4 Nxd4 13. exd4 Bg4 14. Qd3 c6 15. Rae1 Qd7 16. d5 c5 17. Ne4 Nxe4 18. Bxe4 f5 19. Bg2 Rxe1 20. Rxe1 Re8 21. Re6 f4 22. Qg6 Rxe6 23. dxe6 Bxe6 24. Qxe6+ Qxe6 25. Bd5 Qxd5 26. cxd5 fxg3 27. hxg3 h5 28. Kg2 Kf7 29. f3 b5 30. g4 g6 31. Kg3 c4 32. f4 Be3 0-1

[Event "Rhein Main op-A 15th"]
[Site "Bad Homburg"]
[Date "2012.06.09"]
[Round "5"]
[White "Petri, Igor"]
[Black "Goebel, Andreas"]
[Result "0-1"]
[WhiteElo "1829"]
[BlackElo "2019"]
[PlyCount "50"]
[EventDate "2012.06.06"]
[EventType "swiss"]
[EventRounds "7"]
[EventCountry "GER"]
[SourceTitle "EXT 2013"]
[Source "ChessBase"]
[SourceDate "2012.11.22"]
[SourceVersion "1"]
[SourceVersionDate "2012.11.22"]
[SourceQuality "1"]

1. f4 g6 2. Nf3 Bg7 3. e4 c5 4. d3 d6 5. g3 Nc6 6. Bg2 e6 7. Nc3 Nge7 8. 0-0 Bd7 9. Kh1 a6 10. Rb1 0-0 11. g4 f5 12. g5 Nd4 13. Ne2 Bc6 14. Ng3 e5 15. c3 Ne6 16. exf5 Nxf5 17. Nxf5 Rxf5 18. Bh3 exf4 19. Bxf5 gxf5 20. h4 h6 21. Qe2 Qe8 22. Kg1 hxg5 23. Nxg5 Be5 24. Nxe6 Qxe6 25. Bxf4 Bd4+ 0-1

[Event "Rhein Main op-A 15th"]
[Site "Bad Homburg"]
[Date "2012.06.07"]
[Round "3"]
[White "Keller, Peter1111"]
[Black "Goebel, Andreas"]
[Result "1/2-1/2"]
[WhiteElo "1931"]
[BlackElo "2019"]
[PlyCount "73"]
[EventDate "2012.06.06"]
[EventType "swiss"]
[EventRounds "7"]
[EventCountry "GER"]
[SourceTitle "EXT 2013"]
[Source "ChessBase"]
[SourceDate "2012.11.22"]
[SourceVersion "1"]
[SourceVersionDate "2012.11.22"]
[SourceQuality "1"]

1. e4 c5 2. Nf3 d6 3. d4 cxd4 4. Nxd4 Nf6 5. Nc3 g6 6. Bc4 Bg7 7. 0-0 0-0 8. Bb3 Nc6 9. Re1 Bd7 10. h3 Nxd4 11. Qxd4 Bc6 12. Qd3 Nd7 13. Bg5 h6 14. Be3 Nc5 15. Qd2 Kh7 16. Bd4 e5 17. Bxc5 dxc5 18. Qxd8 Raxd8 19. Bd5 Bxd5 20. Nxd5 f5 21. f3 Rd7 22. Rad1 Rfd8 23. Kf2 Kg8 24. Ke2 Kf7 25. Ne3 Ke6 26. Rxd7 Rxd7 27. c3 Bf6 28. Rd1 Rf7 29. Rd5 b6 30. Nc4 fxe4 31. fxe4 Rd7 32. Rxd7 Kxd7 33. g3 b5 34. Na3 Kc6 35. h4 h5 36. c4 a6 37. Kd3 1/2-1/2